| 000 | 00731nam a2200265 a 4500 | ||
|---|---|---|---|
| 003 | AR-BaBNM | ||
| 005 | 20251128203431.0 | ||
| 008 | 082120s2002 ||||||||||||||000 | spa|| | ||
| 040 | _cAR-BaBNM | ||
| 100 | 1 | _aHeers, Jacques | |
| 245 | 0 | 0 | _aEl trabajo en la edad media |
| 260 |
_aBuenos Aires _bColumbia _c1967 |
||
| 300 |
_a142 p. _btablas |
||
| 504 | _aBibliografía para consultar p. 141-142 | ||
| 650 | 4 | _aRELACIONES LABORALES | |
| 650 | 4 | _aHISTORIA SOCIAL | |
| 650 | 4 | _aHISTORIA DE LAS IDEAS | |
| 650 | 4 | _aHISTORIA DEL TRABAJO | |
| 650 | 4 | _aHISTORIA SINDICAL | |
| 650 | 4 | _aHISTORIA MEDIEVAL | |
| 650 | 4 | _aCRISTIANISMO | |
| 700 | 1 |
_aVaccaro de Heuchert, Liliana M. _etraductor |
|
| 942 | _cBK | ||
| 998 | _cMariana | ||
| 999 |
_c3367 _d3367 |
||